01592 a2200193 450000500170000000800410001702000180005804100120007610000240008824500290011226000330014130000080017452008620018270000380104494200070108299900190108995201450110895201450125320241008113406.0241008b |||||||| |||| 00| 0 eng d a9789360534783 aEnglish aMcmullen K.9208531 aProgramming with Python  bCengage Learning Indiac2023 a537 aTable of Content 1. Computational Thinking. 2. Programming Tools. 3. Literals, Variables, and Constants. 4. Numeric Data Types and Expressions. 5. Character and String Data Types. 6. Decision Control Structures. 7. Repetition Control Structures. 8. Lists. 9. Functions. 10. Exceptions. 11. File Operations. 12. Recursion. 13. Modules. 14. Classes and Objects. 15. Methods. 16. Encapsulation. 17. Inheritance. 18. Polymorphism. 19. Linked List Data Structures. 20. Stacks, Queues, and Tables. 21. Trees and Graphs. 22. Algorithm Complexity and Big-O Notation. 23. Search Algorithms. 24. Sorting Algorithms. 25. Processor Architecture. 26. Data Representation. 27. Programming Paradigms. 28. User Interfaces. 29. Software Development Methodologies. 30. Pseudocode, Flowcharts, and Decision Tables. 31. Unified Modeling Language. aMatthews E.aParsons J.J.9208546 cBK c359759d359759 00102ddc4070aCCEPbCCEPd2024-10-03e87g487.50l3o005.13'3 MCMpCCEP-BK-67472r2026-03-27 18:44:31s2026-03-12v650.00w2024-10-03yBK 00102ddc4070aCCEPbCCEPd2024-10-03e87g487.50l7o005.13'3 MCMpCCEP-BK-67471r2026-05-12 11:45:21s2026-03-27v650.00w2024-10-03yBK